JAVA IN A NUTSHELL / (Record no. 587431)
[ view plain ]
| 000 -LEADER | |
|---|---|
| fixed length control field | 00335nam a22001337a 4500 |
| 020 ## - INTERNATIONAL STANDARD BOOK NUMBER | |
| Qualifying information | PB. |
| 040 ## - CATALOGING SOURCE | |
| Transcribing agency | FIZZA ISHAQ |
| 082 ## - DEWEY DECIMAL CLASSIFICATION NUMBER | |
| Classification number | 005.133 |
| Author Mark | BEN |
| 100 ## - MAIN ENTRY--PERSONAL NAME | |
| Personal name | FLANAGAN, DAVID J. BENJAMIN. |
| 9 (RLIN) | 86850 |
| 245 ## - TITLE STATEMENT | |
| Title | JAVA IN A NUTSHELL / |
| Statement of responsibility, etc. | BENJAMIN J. DAVID FLANAGAN. |
| 260 ## - PUBLICATION, DISTRIBUTION, ETC. | |
| Place of publication, distribution, etc. | NEW YORK : |
| Date of publication, distribution, etc. | 2019. |
| 300 ## - PHYSICAL DESCRIPTION | |
| Extent | 438 P. ; |
| 942 ## - ADDED ENTRY ELEMENTS (KOHA) | |
| Source of classification or shelving scheme | |
| Koha item type | Book |
| Withdrawn status | Lost status | Source of classification or shelving scheme | Damaged status | Not for loan | Permanent Location | Current Location | Date acquired | Total Checkouts | Full call number | Barcode | Date last seen | Date last checked out | Price effective from | Koha item type |
|---|---|---|---|---|---|---|---|---|---|---|---|---|---|---|
| NUST Baluchistan Campus (NBC) | NUST Baluchistan Campus (NBC) | 12/21/2021 | 1 | 005.133 BEN | Q-2238 | 09/15/2022 | 09/15/2022 | 12/21/2021 | Book |
